An introduction to logic circuit testing [electronic resource : Book] (Record no. 209398)

MARC details
000 -LEADER
fixed length control field 00433nam a2200133Ia 4500
008 - FIXED-LENGTH DATA ELEMENTS--GENERAL INFORMATION
fixed length control field 231221s9999 xx 000 0 und d
041 ## - LANGUAGE CODE
Language code of text/sound track or separate title English
100 ## - MAIN ENTRY--PERSONAL NAME
Personal name Lala, Parag K.
245 #3 - TITLE STATEMENT
Title An introduction to logic circuit testing [electronic resource : Book]
260 ## - PUBLICATION, DISTRIBUTION, ETC.
Date of publication, distribution, etc. 2009
Name of publisher, distributor, etc. Morgan & Claypool
440 ## - SERIES STATEMENT/ADDED ENTRY--TITLE
Title SYNTHESIS LECTURES ON DIGITAL CIRCUITS AND SYSTEMS
650 ## - SUBJECT ADDED ENTRY--TOPICAL TERM
Topical term or geographic name entry element logic,circuit,testing,[electronic,Book]
942 ## - ADDED ENTRY ELEMENTS (KOHA)
Koha item type Digital Library
Holdings
Date last seen Total checkouts Accession number Uniform resource identifier Price effective from Category Lost status Damaged status Department Withdrawn status Home library Current library Entry date Grants Billdate Currency symbol Conversion rate Discount Old discount
26/01/2024   DL2375 digital/books/dl2375.pdf 26/01/2024 Digital Library     EC   Central Library Central Library     30/11/2012 RS 1    

© For any Suggestions or Query, please contact the library staff @ librarian@pes.edu or Phone: +9180 2672 1983/ 2108.